Manual de técnicas documentarias /
Guardado en:
| Autores Corporativos: | , |
|---|---|
| Format: | Texto |
| Udgivet: |
Managua:
INAP
|
| Tags: |
Tilføj Tag
Ingen Tags, Vær først til at tagge denne postø!
|
MARC
| LEADER | 00000 a a2200000 04500 | ||
|---|---|---|---|
| 001 | 20993 | ||
| 003 | |||
| 040 | |||
| 090 | |a 090300 | ||
| 110 | |a Banco Central de Nicaragua | ||
| 245 | |a Manual de técnicas documentarias / |c Banco Central de Nicaragua | ||
| 260 | |a Managua: |b INAP | ||
| 300 | |a 133 p. | ||
| 710 | |a Centro Nicaraguense de Información y Tecnología |a Centro de Información y Documentación de la Salud |a MINSA |a FSLN. Departamento de Propaganda y Educación Política |a Nicaragua. Ministerio de Planificación | ||
| 999 | |c 3118 |d 3118 | ||
